000
00296nam a2200097 a 4500
005
20200930070123.0
008
110823s2004 000 spa d
245
3
_a
El amor de una Dominicana salvó la vida a Bolívar.
260
_a
Ciudad Trujillo, República Dominicana,
_c
[195u].
999
_c
32731
_d
32731
040
_a
DO-SdBNP